000 00649nam a2200229Ia 4500
003 OSt
005 20220925191423.0
006 a|||||r|||| 00| 0
007 ta
008 220923b |||||||| |||| 00| 0 eng d
037 _cGeneral Book
040 _aRTL
_cRTL
_beng
041 _2eng
_aeng
082 _aV44Q7,1y7M77, H6
100 _aHusain Azim
_9241949
245 0 _aFazl-i-Hussain
_b A political biography
260 _aBombay
_bLongmans Green
_c1946
300 _axiv, 388p
_ccm.
650 _aPresident Pakistan
_9241950
942 _hV44Q7,1y7M77, H6
_cGB
_2CC
999 _c518376
_d518376